Los partidos políticos en España
Wedi'i Gadw mewn:
| Prif Awduron: | , , , , , , |
|---|---|
| Awduron Eraill: | |
| Fformat: | Llyfr |
| Iaith: | Sbaeneg |
| Cyhoeddwyd: |
Barcelona
Labor
1979
|
| Cyfres: | Politeia, 4
|
| Pynciau: | |
| Tagiau: |
Ychwanegu Tag
Dim Tagiau, Byddwch y cyntaf i dagio'r cofnod hwn!
|
MARC
| LEADER | 00000nam a2200000 a 4500 | ||
|---|---|---|---|
| 001 | UCT7995 | ||
| 003 | CL-VaPUC | ||
| 008 | 970317e19790000SP |||||||||||||||||spa|d | ||
| 082 | 0 | 4 | |a 324.246 |b MOR |2 21 |
| 100 | |a Morodo, Raúl |e autor |9 443212 | ||
| 700 | |a García Cotarelo, Ramón |e author |9 379400 | ||
| 700 | |a Linde Paniagua, Enrique |e autor |9 585430 | ||
| 700 | 0 | |a Blas Guerrero, Andrés de |e author |9 379402 | |
| 700 | 0 | |a Bofill Abeilhé, Pedro |e author |9 379403 | |
| 700 | 0 | |a Guerrero Salom, Enrique |e author |9 379404 | |
| 700 | 0 | |a Herrero Lera, Miguel |e author |9 379405 | |
| 700 | |a González Hernández, Juan Carlos |e author |9 379406 | ||
| 245 | 1 | 4 | |a Los partidos políticos en España |
| 300 | |a 320 p | ||
| 942 | |c BK | ||
| 945 | |d 19970317 00:00:00 |a paguirre | ||
| 260 | |a Barcelona |b Labor |c 1979 | ||
| 650 | 0 | |a Partidos políticos |9 254999 | |
| 650 | 0 | |a Democracia |9 255256 | |
| 650 | 7 | |a POLITICA INTERNA |2 CL-VaPUC |9 342443 | |
| 650 | 7 | |a PARTICIPACION POLITICA |2 CL-VaPUC |9 379407 | |
| 651 | 0 | |a España |9 254926 | |
| 583 | |a last modification |c 19970317 00:00:00 |k Rodrigo Vera | ||
| 490 | 0 | |a Politeia, 4 | |
| 999 | |c 256535 |d 256533 | ||
| 952 | |0 0 |1 0 |4 0 |6 324_246000000000000_MOR_1979 |7 0 |8 A |9 279324 |a BIBDER |b BIBDER |d 2019-11-19 |i 1811622 |o 324.246 MOR 1979 |p 1811622 |r 2023-01-25 |w 2019-11-19 |y BK |k DER | ||